| Поле | Инд. | ПП | Название | Значение |
|---|---|---|---|---|
| Тип записи | a | |||
| Библиографический уровень | b | |||
| 001 | Контрольный номер | RU/IS/BASE/373039820 | ||
| 005 | Дата корректировки | 20220420165013.9 | ||
| 008 | Кодируемые данные | 20111027 | ||
| 040 | b | Код языка каталог. | rus | |
| e | Правила каталог. | PSBO | ||
| 041 | 0_ | a | Код языка текста | rus |
| 084 | a | Индекс другой классификации/Индекс ББК | 65.012.34; 65.050.1 | |
| 100 | 1_ | a | Автор | Иванова А. О. |
| q | Полное имя | Иванова Анастасия Олеговна | ||
| 245 | 10 | a | Заглавие | О некоторых новых формах государственно-частного партнерства в Японии |
| 504 | a | Библиография | Примеч.: с. 187. - Лит.: с. 188 | |
| 520 | 0_ | a | Аннотация | Анализируются некотоорые формы государственно-частного партнерства в Японии. Особое внимание уделено системе уполномоченных управляющих, привлечению частного сектора к управлению государственной собственностью. Спектр областей, в которых применяется система уполномоченных управляющих, охватывает сферы строительства муниципального жилья, управления различными государственными объектами спортивного и культурного назначения, библиотеками и музеями, парками, автостоянками и т.д. Делается вывод о том, что использование системы контрактного управления частным бизнесом государственных объектов социальной инфраструктуры в Японии в ближайшем будущем не только продолжится, но и получит новые широкие масштабы. |
| 650 | 14 | a | Основная рубрика | управление экономикой |
| a | Основная рубрика | экономика | ||
| a | Основная рубрика | экономическая теория | ||
| 653 | 1_ | a | Ключевые слова | бизнес |
| a | Ключевые слова | государство | ||
| a | Ключевые слова | контрактное управление | ||
| a | Ключевые слова | система уполномоченных управляющих | ||
| a | Ключевые слова | управление государственной собственностью | ||
| a | Ключевые слова | частно-государственное партнерство | ||
| a | Ключевые слова | частное финансирование | ||
| a | Ключевые слова | эффективность управления | ||
| a | Ключевые слова | Япония | ||
| 773 | 08 | t | Заглавие источника | Вопросы государственного и муниципального управления |
| d | Дата издания источника | 2009 | ||
| g | Прочая информация | № 3. - С. 178 - 186 : схем. | ||
| w | Контрольный № источника | RU/IS/BASE/309528796 | ||
| 901 | t | Тип документа | b |